000 00546nam a2200181Ia 4500
008 090123s9999 xx 000 0 und d
082 _b13763
100 _aघोरपडे चंद्रसेन
245 _aक्रिडांगण
250 _a0
260 _bजोशी सुहास
300 _a196
600 _aघोरपडे चंद्रसेन
630 _aक्रिडांगण
700 _aघोरपडे चंद्रसेन
730 _aक्रिडांगण
942 _cBOOK
999 _c51826
_d51826